Svetové a národné dejiny dejepisný atlas pre základné školy

Bibliographic Details
Main Author: Gurňák, Daniel, 1974- (Author, Cartographer, Illustrator)
Format: Book
Language:Slovak
PhysicalDescription:88 s. fotogr., ilustr., mp. 30 cm
Published: [Bratislava] Mapa Slovakia Plus 2013
ISBN:9788080672744 (brož.)
Edition:1. vyd.
Subjects:

MARC

LEADER 00000cam a2200000 a 4500
001 vtls010568008
003 SK-MaSNL
005 20260301044514.0
008 160429s2013 xo oab c 000 0 slo
015 |a SNBA2013/01 
020 |a 9788080672744 (brož.) 
040 |a SNK  |b slo  |c SNK  |e AACR2 
041 0 |a slo 
044 |a xo  |c SK 
072 7 |a 93/94  |x Dejiny (všeobecne)  |2 konspekt 
072 7 |a 94(100)  |x Svetové dejiny  |2 konspekt 
080 |a 94(100)  |2 2001 
080 |a (075.2)  |2 2001 
080 |a (084.4)  |2 2001 
080 |a 93/94  |2 2001 
100 1 |a Gurňák, Daniel,  |d 1974-  |4 aut  |4 ctg  |4 ill  |9 203303 
245 1 0 |a Svetové a národné dejiny  |b dejepisný atlas pre základné školy  |c Daniel Gurňák 
246 3 0 |a Dejepisný atlas pre základné školy 
250 |a 1. vyd. 
260 |a [Bratislava]  |b Mapa Slovakia Plus  |c 2013 
300 |a 88 s.  |b fotogr., ilustr., mp.  |c 30 cm 
650 0 7 |a svetové dejiny  |2 SNKPH  |9 4037 
650 0 7 |a World history  |2 SNKPHeng  |9 275271 
650 0 7 |a dejepis  |2 SNKPH  |9 4288 
650 0 7 |a History (school subject)  |2 SNKPHeng  |9 286675 
655 7 |a učebnice základných škôl  |2 SNKPH  |9 70187 
655 7 |a atlasy  |2 SNKPH  |9 70424 
655 7 |a Textbooks (elementary)  |2 SNKPHeng  |9 276977 
655 7 |a Atlases  |2 SNKPHeng  |9 280087 
852 |a Štátna vedecká knižnica v Banskej Bystrici 
919 |a 978-80-8067-274-4 
999 |c 596149  |d 598079 
952 |a SNK  |b SNK  |y PREZ  |7 0  |p 17A1102157  |o snkSB 86047  |i snk2014/601  |8 0  |0 0  |1 0  |4 0  |d 2014-01-09  |l 0  |r 2025-05-07 00:00:00  |w 2026-02-23 
952 |a SNK  |b SNK  |y VYP  |7 0  |p 17A1102156  |o snkSB 86047 D1  |i snk2014/602  |8 0  |0 0  |1 0  |4 0  |d 2014-01-09  |l 0  |r 2016-06-30 00:00:00  |w 2026-02-23